Deflácia ohrozuje vyhliadky čínskeho ekonomického rastu marcový pokles exportu je výrazným varovným signálom

Oživenie čínskej ekonomiky v prvom štvrťroku 1999. Pokles cien a slabnúca exportná aktivita ohrozujúca ďalší hospodársky rast. Snaha o udržanie súčasného kurzu meny. Skoré prijatie Číny do WTO by zvýšilo objem exportu. Odklad rokovaní o vstupe Číny do WTO.

Uložené v:
Podrobná bibliografia
Hlavný autor: Tomek, Radoslav
Médium: Kapitola
Jazyk:Slovak
Predmet:
Tagy: Pridať tag
Žiadne tagy, Buďte prvý, kto otaguje tento záznam!

MARC

LEADER 00000naa a2200000 4500
001 r034831
005 20230824101305.8
041 0 |a slo 
044 |a SK 
245 1 0 |a Deflácia ohrozuje vyhliadky čínskeho ekonomického rastu  |b marcový pokles exportu je výrazným varovným signálom  |c Radoslav Tomek 
520 |a Oživenie čínskej ekonomiky v prvom štvrťroku 1999. Pokles cien a slabnúca exportná aktivita ohrozujúca ďalší hospodársky rast. Snaha o udržanie súčasného kurzu meny. Skoré prijatie Číny do WTO by zvýšilo objem exportu. Odklad rokovaní o vstupe Číny do WTO. 
610 2 0 |a rast hospodársky 
610 2 0 |a vývoz 
610 2 0 |a deflácia 
610 2 0 |a oživenie 
610 2 0 |a Čína 
610 2 0 |a Svetová obchodná organizácia 
100 1 |a Tomek, Radoslav